<?xml version="1.0" encoding="UTF-8"?>
<collection xmlns="http://www.loc.gov/MARC21/slim">
 <record>
  <leader>06603cam a2200865   4500</leader>
  <controlfield tag="001">864384874</controlfield>
  <controlfield tag="003">DE-627</controlfield>
  <controlfield tag="005">20220331144749.0</controlfield>
  <controlfield tag="007">tu</controlfield>
  <controlfield tag="008">160802s2016    be |||||      00| ||eng c</controlfield>
  <datafield tag="020" ind1=" " ind2=" ">
   <subfield code="a">9780300220155</subfield>
   <subfield code="c"> : (hardcover : Yale University Press)</subfield>
   <subfield code="9">978-0-300-22015-5</subfield>
  </datafield>
  <datafield tag="020" ind1=" " ind2=" ">
   <subfield code="a">9789462301153</subfield>
   <subfield code="c"> : (Mercatorfonds)</subfield>
   <subfield code="9">978-94-6230-115-3</subfield>
  </datafield>
  <datafield tag="020" ind1=" " ind2=" ">
   <subfield code="a">0300220154</subfield>
   <subfield code="9">0-300-22015-4</subfield>
  </datafield>
  <datafield tag="035" ind1=" " ind2=" ">
   <subfield code="a">(DE-627)864384874</subfield>
  </datafield>
  <datafield tag="035" ind1=" " ind2=" ">
   <subfield code="a">(DE-576)452987407</subfield>
  </datafield>
  <datafield tag="035" ind1=" " ind2=" ">
   <subfield code="a">(DE-599)BSZ452987407</subfield>
  </datafield>
  <datafield tag="035" ind1=" " ind2=" ">
   <subfield code="a">(OCoLC)957235938</subfield>
  </datafield>
  <datafield tag="035" ind1=" " ind2=" ">
   <subfield code="a">(OCoLC)923562401</subfield>
  </datafield>
  <datafield tag="035" ind1=" " ind2=" ">
   <subfield code="a">(OCoLC)948794228</subfield>
  </datafield>
  <datafield tag="035" ind1=" " ind2=" ">
   <subfield code="a">(OCoLC)957235938</subfield>
  </datafield>
  <datafield tag="040" ind1=" " ind2=" ">
   <subfield code="a">DE-627</subfield>
   <subfield code="b">ger</subfield>
   <subfield code="c">DE-627</subfield>
   <subfield code="e">rda</subfield>
  </datafield>
  <datafield tag="041" ind1=" " ind2=" ">
   <subfield code="a">eng</subfield>
  </datafield>
  <datafield tag="044" ind1=" " ind2=" ">
   <subfield code="c">XA-BE</subfield>
   <subfield code="c">XD-US</subfield>
   <subfield code="c">XA-GB</subfield>
  </datafield>
  <datafield tag="050" ind1=" " ind2="0">
   <subfield code="a">ND653.B65</subfield>
  </datafield>
  <datafield tag="082" ind1="0" ind2=" ">
   <subfield code="a">759.9492</subfield>
   <subfield code="2">23</subfield>
  </datafield>
  <datafield tag="084" ind1=" " ind2=" ">
   <subfield code="a">9,10</subfield>
   <subfield code="2">ssgn</subfield>
  </datafield>
  <datafield tag="084" ind1=" " ind2=" ">
   <subfield code="a">LI 17406</subfield>
   <subfield code="q">BVB</subfield>
   <subfield code="2">rvk</subfield>
   <subfield code="0">(DE-625)rvk/95627:13284</subfield>
  </datafield>
  <datafield tag="084" ind1=" " ind2=" ">
   <subfield code="a">20.31</subfield>
   <subfield code="2">bkl</subfield>
  </datafield>
  <datafield tag="084" ind1=" " ind2=" ">
   <subfield code="a">21.01</subfield>
   <subfield code="2">bkl</subfield>
  </datafield>
  <datafield tag="100" ind1="1" ind2=" ">
   <subfield code="a">Hoogstede, Luuk</subfield>
   <subfield code="e">VerfasserIn</subfield>
   <subfield code="0">(DE-588)1105433323</subfield>
   <subfield code="0">(DE-627)86256686X</subfield>
   <subfield code="0">(DE-576)473146177</subfield>
   <subfield code="4">aut</subfield>
  </datafield>
  <datafield tag="245" ind1="1" ind2="0">
   <subfield code="a">Hieronymus Bosch</subfield>
   <subfield code="b">painter and draughtsman : technical studies</subfield>
   <subfield code="c">Bosch Research and Conservation Project ; Luuk Hoogstede, Ron Spronk, Robert G. Erdmann, Rik Klein Gotink, Matthijs Ilsink, Jos Koldeweij, Hanneke Nap, Daan Veldhuizen</subfield>
  </datafield>
  <datafield tag="264" ind1=" " ind2="1">
   <subfield code="a">New Haven</subfield>
   <subfield code="a">London</subfield>
   <subfield code="b">Yale University Press</subfield>
   <subfield code="c">[2016]</subfield>
  </datafield>
  <datafield tag="264" ind1=" " ind2="1">
   <subfield code="a">New Haven</subfield>
   <subfield code="a">London</subfield>
   <subfield code="b">Yale University Press</subfield>
   <subfield code="c">[2016]</subfield>
  </datafield>
  <datafield tag="264" ind1=" " ind2="4">
   <subfield code="c">© 2016</subfield>
  </datafield>
  <datafield tag="300" ind1=" " ind2=" ">
   <subfield code="a">463 Seiten</subfield>
   <subfield code="b">Illustrationen</subfield>
   <subfield code="c">34 cm</subfield>
  </datafield>
  <datafield tag="336" ind1=" " ind2=" ">
   <subfield code="a">Text</subfield>
   <subfield code="b">txt</subfield>
   <subfield code="2">rdacontent</subfield>
  </datafield>
  <datafield tag="336" ind1=" " ind2=" ">
   <subfield code="a">unbewegtes Bild</subfield>
   <subfield code="b">sti</subfield>
   <subfield code="2">rdacontent</subfield>
  </datafield>
  <datafield tag="337" ind1=" " ind2=" ">
   <subfield code="a">ohne Hilfsmittel zu benutzen</subfield>
   <subfield code="b">n</subfield>
   <subfield code="2">rdamedia</subfield>
  </datafield>
  <datafield tag="338" ind1=" " ind2=" ">
   <subfield code="a">Band</subfield>
   <subfield code="b">nc</subfield>
   <subfield code="2">rdacarrier</subfield>
  </datafield>
  <datafield tag="500" ind1=" " ind2=" ">
   <subfield code="a">Literaturverzeichnis Seite 461-463</subfield>
  </datafield>
  <datafield tag="500" ind1=" " ind2=" ">
   <subfield code="a">Titelblattrückseite: &quot;The Bosch Research and Conservation Project was established and completed as part of the preparations for the exhibition 'Hieronymus Bosch - Visions of Genius' at the Noordbrabants Museum in 's-Hertogenbosch, 13 February to 8 May 2016. The exhibition and the research project are both part of the 'Jheronimus Bosch 500' event, organized to mark the five-hundredth anniversary of the artist's death.&quot;</subfield>
  </datafield>
  <datafield tag="520" ind1=" " ind2=" ">
   <subfield code="a">Scholars have traditionally focused on the subjects and meanings of Hieronymus Bosch's works, whereas issues of painting technique, workshop participation, and condition of extant pictures have received considerably less attention. Since 2010, the Bosch Research and Conservation Project has been studying these works using modern methods. The team has documented Bosch's extant paintings with infrared reflectography and ultra high-resolution digital macro photography, both in infrared and visible light. Together with microscopic study of the paintings, this has enabled the team to write extensive and critical research reports describing the techniques and condition of the works, published in this extraordinary volume for the first time</subfield>
  </datafield>
  <datafield tag="520" ind1=" " ind2=" ">
   <subfield code="a">&quot;Scholars have traditionally focused on the subjects and meanings of Hieronymus Bosch's works, whereas issues of painting technique, workshop participation, and condition of extant pictures have received considerably less attention. Since 2010, the Bosch Research and Conservation Project has been studying these works using modern methods. The team has documented Bosch's extant paintings with infrared reflectography and ultra high-resolution digital macro photography, both in infrared and visible light. Together with microscopic study of the paintings, this has enabled the team to write extensive and critical research reports describing the techniques and condition of the works, published in this extraordinary volume for the first time.&quot;--Yale University Press website</subfield>
  </datafield>
  <datafield tag="600" ind1="1" ind2="0">
   <subfield code="a">Bosch, Hieronymus</subfield>
   <subfield code="d">-1516</subfield>
   <subfield code="x">Criticism and interpretation</subfield>
  </datafield>
  <datafield tag="650" ind1=" " ind2="0">
   <subfield code="a">Painting</subfield>
   <subfield code="x">Technique</subfield>
  </datafield>
  <datafield tag="650" ind1=" " ind2="0">
   <subfield code="a">Painting</subfield>
   <subfield code="x">Conservation and restoration</subfield>
  </datafield>
  <datafield tag="655" ind1=" " ind2="7">
   <subfield code="a">Werkverzeichnis</subfield>
   <subfield code="0">(DE-588)4189680-4</subfield>
   <subfield code="0">(DE-627)104464909</subfield>
   <subfield code="0">(DE-576)210061456</subfield>
   <subfield code="2">gnd-content</subfield>
  </datafield>
  <datafield tag="689" ind1="0" ind2="0">
   <subfield code="d">p</subfield>
   <subfield code="0">(DE-588)11851380X</subfield>
   <subfield code="0">(DE-627)079316786</subfield>
   <subfield code="0">(DE-576)208872531</subfield>
   <subfield code="a">Bosch, Hieronymus</subfield>
   <subfield code="d">1450-1516</subfield>
   <subfield code="2">gnd</subfield>
  </datafield>
  <datafield tag="689" ind1="0" ind2="1">
   <subfield code="d">s</subfield>
   <subfield code="0">(DE-588)4140619-9</subfield>
   <subfield code="0">(DE-627)104540303</subfield>
   <subfield code="0">(DE-576)209704292</subfield>
   <subfield code="a">Werkstatt</subfield>
   <subfield code="2">gnd</subfield>
  </datafield>
  <datafield tag="689" ind1="0" ind2="2">
   <subfield code="d">s</subfield>
   <subfield code="0">(DE-588)4125812-5</subfield>
   <subfield code="0">(DE-627)105737275</subfield>
   <subfield code="0">(DE-576)209579722</subfield>
   <subfield code="a">Maltechnik</subfield>
   <subfield code="2">gnd</subfield>
  </datafield>
  <datafield tag="689" ind1="0" ind2="3">
   <subfield code="d">s</subfield>
   <subfield code="0">(DE-588)4156470-4</subfield>
   <subfield code="0">(DE-627)104819243</subfield>
   <subfield code="0">(DE-576)209827149</subfield>
   <subfield code="a">Gemäldeuntersuchung</subfield>
   <subfield code="2">gnd</subfield>
  </datafield>
  <datafield tag="689" ind1="0" ind2=" ">
   <subfield code="5">(DE-627)</subfield>
  </datafield>
  <datafield tag="700" ind1="1" ind2=" ">
   <subfield code="a">Bosch, Hieronymus</subfield>
   <subfield code="d">1450-1516</subfield>
   <subfield code="e">KünstlerIn</subfield>
   <subfield code="0">(DE-588)11851380X</subfield>
   <subfield code="0">(DE-627)079316786</subfield>
   <subfield code="0">(DE-576)208872531</subfield>
   <subfield code="4">art</subfield>
  </datafield>
  <datafield tag="700" ind1="1" ind2=" ">
   <subfield code="a">Spronk, Ron</subfield>
   <subfield code="d">1957-</subfield>
   <subfield code="e">VerfasserIn</subfield>
   <subfield code="0">(DE-588)132216043</subfield>
   <subfield code="0">(DE-627)519240480</subfield>
   <subfield code="0">(DE-576)299010775</subfield>
   <subfield code="4">aut</subfield>
  </datafield>
  <datafield tag="700" ind1="1" ind2=" ">
   <subfield code="a">Erdmann, Robert G.</subfield>
   <subfield code="d">1972-</subfield>
   <subfield code="e">VerfasserIn</subfield>
   <subfield code="0">(DE-588)1093898631</subfield>
   <subfield code="0">(DE-627)853908788</subfield>
   <subfield code="0">(DE-576)462796779</subfield>
   <subfield code="4">aut</subfield>
  </datafield>
  <datafield tag="700" ind1="1" ind2=" ">
   <subfield code="a">Klein Gotink, Rik</subfield>
   <subfield code="e">VerfasserIn</subfield>
   <subfield code="0">(DE-588)1093606592</subfield>
   <subfield code="0">(DE-627)853807841</subfield>
   <subfield code="0">(DE-576)462739694</subfield>
   <subfield code="4">aut</subfield>
  </datafield>
  <datafield tag="700" ind1="1" ind2=" ">
   <subfield code="a">Ilsink, Matthijs</subfield>
   <subfield code="d">1974-</subfield>
   <subfield code="e">VerfasserIn</subfield>
   <subfield code="0">(DE-588)1095780824</subfield>
   <subfield code="0">(DE-627)856397245</subfield>
   <subfield code="0">(DE-576)186614527</subfield>
   <subfield code="4">aut</subfield>
  </datafield>
  <datafield tag="700" ind1="1" ind2=" ">
   <subfield code="a">Koldeweij, A. M.</subfield>
   <subfield code="d">1953-</subfield>
   <subfield code="e">VerfasserIn</subfield>
   <subfield code="0">(DE-588)128849819</subfield>
   <subfield code="0">(DE-627)382398572</subfield>
   <subfield code="0">(DE-576)178117390</subfield>
   <subfield code="4">aut</subfield>
  </datafield>
  <datafield tag="700" ind1="1" ind2=" ">
   <subfield code="a">Nap, Hanneke</subfield>
   <subfield code="e">VerfasserIn</subfield>
   <subfield code="0">(DE-588)1093605456</subfield>
   <subfield code="0">(DE-627)853807299</subfield>
   <subfield code="0">(DE-576)462738779</subfield>
   <subfield code="4">aut</subfield>
  </datafield>
  <datafield tag="700" ind1="1" ind2=" ">
   <subfield code="a">Veldhuizen, Daan</subfield>
   <subfield code="e">VerfasserIn</subfield>
   <subfield code="0">(DE-588)1093605588</subfield>
   <subfield code="0">(DE-627)853807337</subfield>
   <subfield code="0">(DE-576)462739376</subfield>
   <subfield code="4">aut</subfield>
  </datafield>
  <datafield tag="710" ind1="2" ind2=" ">
   <subfield code="a">Bosch Research and Conservation Project</subfield>
   <subfield code="e">Herausgebendes Organ</subfield>
   <subfield code="0">(DE-588)1090801793</subfield>
   <subfield code="0">(DE-627)851403522</subfield>
   <subfield code="0">(DE-576)46113201X</subfield>
   <subfield code="4">isb</subfield>
  </datafield>
  <datafield tag="787" ind1="0" ind2="8">
   <subfield code="i">Abgeleitet</subfield>
   <subfield code="t">Hieronymus Bosch, painter and draughtsman: catalogue raisonné</subfield>
  </datafield>
  <datafield tag="787" ind1="0" ind2="8">
   <subfield code="i">Rezensiert in</subfield>
   <subfield code="a">Fischer, Stefan, 1972 - </subfield>
   <subfield code="t">[Rezension von: Matthijs Ilsink, Jos Koldeweij u. a. (Hrsg.), Hieronymus Bosch, Maler und Zeichner - Luuk Hoogstede, Ron Spronk u. a. (Hrsg.), Hieronymus Bosch, painter and draughtsman, technical studies]</subfield>
   <subfield code="d">Regensburg : Verlag Schnell &amp; Steiner, 2017</subfield>
   <subfield code="w">(DE-627)1748295276</subfield>
  </datafield>
  <datafield tag="856" ind1="4" ind2="2">
   <subfield code="u">https://swbplus.bsz-bw.de/bsz452987407inh.htm</subfield>
   <subfield code="m">B:DE-576;DE-16</subfield>
   <subfield code="q">application/pdf</subfield>
   <subfield code="v">20160905112502</subfield>
   <subfield code="x">Verlag</subfield>
   <subfield code="3">Inhaltsverzeichnis</subfield>
  </datafield>
  <datafield tag="935" ind1=" " ind2=" ">
   <subfield code="i">Blocktest</subfield>
  </datafield>
  <datafield tag="936" ind1="r" ind2="v">
   <subfield code="a">LI 17406</subfield>
   <subfield code="b">der Künstler als Maler</subfield>
   <subfield code="k">Kunstgeschichte</subfield>
   <subfield code="k">Künstler-Monografien</subfield>
   <subfield code="k">Alphabetische Künstlerliste</subfield>
   <subfield code="k">Künstler B</subfield>
   <subfield code="k">Bosch, Hieronymus (bis 17410)</subfield>
   <subfield code="k">der Künstler als Maler</subfield>
   <subfield code="0">(DE-627)1271699923</subfield>
   <subfield code="0">(DE-625)rvk/95627:13284</subfield>
   <subfield code="0">(DE-576)201699923</subfield>
  </datafield>
  <datafield tag="936" ind1="b" ind2="k">
   <subfield code="a">20.31</subfield>
   <subfield code="j">Bildende Künstler</subfield>
   <subfield code="0">(DE-627)181571080</subfield>
  </datafield>
  <datafield tag="936" ind1="b" ind2="k">
   <subfield code="a">21.01</subfield>
   <subfield code="j">Maltechnik</subfield>
   <subfield code="j">Malmaterial</subfield>
   <subfield code="0">(DE-627)106406701</subfield>
  </datafield>
  <datafield tag="951" ind1=" " ind2=" ">
   <subfield code="a">BO</subfield>
  </datafield>
  <datafield tag="990" ind1=" " ind2=" ">
   <subfield code="a">Bosch, Hieronymus</subfield>
  </datafield>
  <datafield tag="990" ind1=" " ind2=" ">
   <subfield code="a">Werkstatt</subfield>
  </datafield>
  <datafield tag="990" ind1=" " ind2=" ">
   <subfield code="a">Maltechnik</subfield>
  </datafield>
  <datafield tag="990" ind1=" " ind2=" ">
   <subfield code="a">Gemäldeuntersuchung</subfield>
  </datafield>
  <datafield tag="991" ind1=" " ind2=" ">
   <subfield code="a">Rezensiertes Werk</subfield>
  </datafield>
  <datafield tag="999" ind1=" " ind2=" ">
   <subfield code="a">KXP-PPN864384874</subfield>
   <subfield code="e">4113063001</subfield>
  </datafield>
 </record>
</collection>
